000 00459nam a22001577a 4500
082 _a627.52
_bZIM
_cL-22, P-12
100 _aZimmerman, Josef D
_944028
245 _aIrrigation
_cJosef D, Zimmerman
260 _aJapan
_bJhon Wiley & Sons
_c1966
300 _axvi, 516 p. :
526 _a0
_b0
_c0
_d627_520000000000000_ZIM
526 _a0
_b0
_c0
_d627_520000000000000_ZIM
526 _a0
_b0
_c0
_d627_520000000000000_ZIM
650 _aMCE
_9379
942 _2ddc
_cBK
999 _c547880
_d547880